LIBRARY & INFORMATION CENTRE, KCAET, TAVANUR

ONLINE PUBLIC ACCESS CATALOGUE (OPAC)

Great Britain/Its history from earliest times to the present day / (Record no. 640)

MARC details
000 -LEADER
fixed length control field 00424cam a2200157ua 4500
041 ## - LANGUAGE CODE
Language code of text/sound track or separate title eng
082 ## - DEWEY DECIMAL CLASSIFICATION NUMBER
Classification number 941
Item number DER/GR
100 ## - MAIN ENTRY--AUTHOR NAME
Personal name Derry, T K.
245 ## - TITLE STATEMENT
Title Great Britain/Its history from earliest times to the present day /
260 ## - PUBLICATION, DISTRIBUTION, ETC. (IMPRINT)
Place of publication London :
Name of publisher Oxford University press ,
Year of publication 1962.
300 ## - PHYSICAL DESCRIPTION
Number of Pages 585 ; .
700 1# - ADDED ENTRY--PERSONAL NAME
Personal name Blount, C H C.
942 ## - ADDED ENTRY ELEMENTS (KOHA)
Koha item type Books
Holdings
Withdrawn status Lost status Damaged status Home library Current library Date acquired Full call number Accession Number Koha item type Public note
Withdrawn     KAUAET Malayalam University 07/04/2012 941 6140 Books Transferred to Malayalam University
free website counter